Denver Broncos Trivia - Statistics

General Stats
  • This quiz has been taken 692 times
  • The average score is 9 of 11
Answer Stats
Hint Answer % Correct
Quarterback who set NFL records by throwing for 55 touchdowns and 5477 yards in a single season Peyton Manning
99%
Current starting quarterback Bo Nix
95%
All-time leading passer for the Broncos John Elway
95%
Head coach since 2023 Sean Payton
92%
Nickname of the Broncos dominant defense from 1977–1983 {Orange} Crush
88%
The Broncos stadium from 1960–2000 {Mile} {High} Stadium
87%
Linebacker who recorded a team record 110.5 sacks from 2011–2021 Von Miller
83%
What 12-time Pro Bowl cornerback Roland Bailey is better known as {Champ} Bailey
82%
The first tight end in NFL history to reach 10,000 yards Shannon Sharpe
72%
Running back who rushed for 2,008 yards in 1998 Terrell Davis
70%
Head coach from 1995–2008 Mike Shanahan
54%
No matching quizzes found
Score Distribution
Percent of People with Each Score
Percentile by Number Answered
Your Score History
You have not taken this quiz